Colector solar de placa plana para calentamiento de aire
Αποθηκεύτηκε σε:
| Κύριος συγγραφέας: | |
|---|---|
| Μορφή: | Thesis Βιβλίο |
| Γλώσσα: | Undetermined |
| Έκδοση: |
1985
|
| Θέματα: | |
| Ετικέτες: |
Προσθήκη ετικέτας
Δεν υπάρχουν, Καταχωρήστε ετικέτα πρώτοι!
|
MARC
| LEADER | 00000nam a2200000Ia 4500 | ||
|---|---|---|---|
| 001 | 4143 | ||
| 008 | 140114s9999 xx 000 0 und d | ||
| 100 | |a Bonilla Bonilla, Hugo Edgardo | ||
| 245 | |a Colector solar de placa plana para calentamiento de aire | ||
| 260 | |c 1985 | ||
| 500 | |a NULL | ||
| 502 | |a Escuela de ingenieria Mecanica | ||
| 650 | |z COLECTOR SOLAR DE PLACA PLANA | ||
| 999 | |c 11748 |d 11748 | ||
